00557cam a22002171 4500001001300000003000400013005001700017008004100034010001700075035002000092040001800112042001200130050002100142100004200163245002700205260004300232300001800275500001800293500001100311999001700322sa 67005370 DLC20260227112356.0890615s1963 ii 000 0 malo  asa 67005370  a(OCoLC)19876665 aDLCcWaUdDLC apremarc00aPL4718.9.S37bM31 aSatyavr̲atan, Ār̲anmuḷa,d1927-10aMāyātta svapnaṃ. a[n. p.,bP. C. Meenakshy Amma],c1963. a67 p.c18 cm. aIn Malayalam. aPoems. c75153d75153